| 000 | 00332nam a2200133Ia 4500 | ||
|---|---|---|---|
| 005 | 20251222143230.0 | ||
| 008 | 251222s9999||||xx |||||||||||||| ||spa|| | ||
| 020 | _a84-89303-34-7 | ||
| 082 | _a985.012/G59 | ||
| 100 | _aGolte, Jürgen | ||
| 245 | 0 | _aIconos y Narraciones: | |
| 264 | _bInstituto de Estudios Peruanos | ||
| 942 | _cLIB | ||
| 999 |
_c14143 _d14143 |
||